00599nam a22001697a 450000500170000001000230001702000260004003500140006603700130008008200080009310000180010124501240011926000320024327001130027530000210038870000200040920241220144420.0 aDEC24UP ENG-143135 c360.00a9789363194847 aEN-126667 bDBAD/PUB a000 aSharma, J. N. aUpkar's Rashtriya Military Schools Common Entrance Test:bFor Admission to Class-IX/cby J. N. Sharma & Suchitra Sharma aAgrabUpkar Prakashanc2024 bAgraa1 State Bank Colony, Near Khandari, Agra-Mathura Bypass Road,e282005k2530966k2531101mcare@upkar.in a331p.c27cm(pbk) aSuchitra Sharma